[Event "GER-ch U25 op-B"]
[Site "Willingen"]
[Date "2015.05.29"]
[Round "8"]
[White "Schott, Jan"]
[Black "Semukhin, Sophia"]
[Result "0-1"]
[WhiteElo "907"]
[BlackElo "798"]
[PlyCount "78"]
[EventDate "2015.05.24"]
[EventType "swiss"]
[EventRounds "9"]
[EventCountry "GER"]
[SourceTitle "CBM 166 Extra"]
[Source "ChessBase"]
[SourceDate "2015.06.18"]
[SourceVersion "1"]
[SourceVersionDate "2015.06.18"]
[SourceQuality "1"]

1. e4 e5 2. Nf3 Nc6 3. Bc4 Bc5 4. c3 Nf6 5. d4 exd4 6. cxd4 Bb4+ 7. Nc3 Bxc3+ 8. bxc3 Nxe4 9. 0-0 0-0 10. d5 Na5 11. Qd3 Re8 12. Re1 Nc5 13. Rxe8+ Qxe8 14. Qd4 d6 15. Bf4 Bg4 16. Re1 Qa4 17. Bh6 gxh6 18. Qxg4+ Kf8 19. Nd2 Re8 20. Rxe8+ Qxe8 21. Qd4 Qe1+ 22. Nf1 Qe4 23. Qxe4 Nxe4 24. Ne3 Nxc4 25. Nxc4 Nxc3 26. Kf1 Nxa2 27. Ke1 Ke7 28. Kd2 Nb4 29. Ne3 c6 30. Nf5+ Kd7 31. Nxh6 Ke7 32. Nf5+ Kd7 33. Nh6 Ke8 34. Nf5 Kd7 35. Nh6 f6 36. Kc3 Nxd5+ 37. Kc4 b5+ 38. Kb3 c5 39. Nf5 a5 0-1

[Event "Magdeburg op-B"]
[Site "Magdeburg"]
[Date "2014.06.14"]
[Round "9"]
[White "Schott, Jan"]
[Black "Schneider, Anna"]
[Result "1-0"]
[WhiteElo "855"]
[BlackElo "734"]
[PlyCount "61"]
[EventDate "2014.06.08"]
[EventType "swiss"]
[EventRounds "9"]
[EventCountry "GER"]
[SourceTitle "CBM 160 Extra"]
[Source "ChessBase"]
[SourceDate "2014.07.01"]
[SourceVersion "1"]
[SourceVersionDate "2014.07.01"]
[SourceQuality "1"]

1. e4 e5 2. Nf3 Nc6 3. Bc4 Bc5 4. c3 Nf6 5. d4 exd4 6. cxd4 Bb4+ 7. Nc3 Nxe4 8. 0-0 Bxc3 9. bxc3 d5 10. Re1 0-0 11. Ba3 Re8 12. Bd3 Nxc3 13. Qc2 Rxe1+ 14. Rxe1 Ne4 15. Bxe4 dxe4 16. Qxe4 Bd7 17. Bc1 Qe8 18. Qd3 Qd8 19. Ng5 g6 20. Qb3 Qf6 21. Qxb7 Nxd4 22. Qxa8+ Kg7 23. Bb2 Qxg5 24. Bxd4+ f6 25. Re7+ Kh6 26. Be3 f5 27. Bxg5+ Kxg5 28. Rxd7 c5 29. Qd8+ Kh6 30. f4 c4 31. Qg5# 1-0

[Event "Magdeburg op-B"]
[Site "Magdeburg"]
[Date "2014.06.11"]
[Round "6"]
[White "Roehr, Oliver"]
[Black "Schott, Jan"]
[Result "0-1"]
[WhiteElo "1245"]
[BlackElo "855"]
[PlyCount "32"]
[EventDate "2014.06.08"]
[EventType "swiss"]
[EventRounds "9"]
[EventCountry "GER"]
[SourceTitle "CBM 160 Extra"]
[Source "ChessBase"]
[SourceDate "2014.07.01"]
[SourceVersion "1"]
[SourceVersionDate "2014.07.01"]
[SourceQuality "1"]

1. d4 d5 2. c4 e5 3. dxe5 d4 4. e3 Bb4+ 5. Bd2 dxe3 6. Bxb4 exf2+ 7. Ke2 fxg1N+ 8. Rxg1 Bg4+ 9. Ke1 Qxd1+ 10. Kf2 Qd4+ 11. Kg3 Qxg1 12. Kxg4 Qxf1 13. g3 Nh6+ 14. Kh4 Qf5 15. h3 g5+ 16. Kh5 Qg6# 0-1

[Event "Magdeburg op-B"]
[Site "Magdeburg"]
[Date "2014.06.10"]
[Round "5"]
[White "Schott, Jan"]
[Black "Norf, Lasse"]
[Result "1-0"]
[WhiteElo "855"]
[BlackElo "923"]
[PlyCount "131"]
[EventDate "2014.06.08"]
[EventType "swiss"]
[EventRounds "9"]
[EventCountry "GER"]
[SourceTitle "CBM 160 Extra"]
[Source "ChessBase"]
[SourceDate "2014.07.01"]
[SourceVersion "1"]
[SourceVersionDate "2014.07.01"]
[SourceQuality "1"]

1. e4 e5 2. Nf3 Nc6 3. Bc4 Bc5 4. c3 Nf6 5. d4 exd4 6. cxd4 Bb4+ 7. Nc3 Nxe4 8. 0-0 Nxc3 9. bxc3 Bxc3 10. Rb1 0-0 11. Ba3 Re8 12. Qb3 Bxd4 13. Bxf7+ Kh8 14. Bxe8 Qxe8 15. Rfe1 Qg6 16. Rbd1 Bb6 17. Re2 d6 18. Nh4 Qh5 19. Rde1 Bd7 20. Qc4 Ne5 21. Qb4 Nd3 22. Qc3 Nxe1 23. Bb2 Qg5 24. Rxe1 Re8 25. Rxe8+ Bxe8 26. Nf3 Qf6 27. Qxf6 gxf6 28. h4 Bh5 29. Nd2 c5 30. Bxf6+ Kg8 31. Ne4 d5 32. Ng3 Bf7 33. h5 d4 34. h6 d3 35. Kf1 Ba5 36. Nf5 Bxa2 37. g4 Bb3 38. Ne3 d2 39. Ke2 Kf7 40. g5 Kg6 41. f4 Be6 42. Kf3 b5 43. f5+ Kf7 44. g6+ hxg6 45. h7 Kxf6 46. h8Q+ Kg5 47. Qg7 Bxf5 48. Nxf5 Kxf5 49. Ke2 c4 50. Qxa7 c3 51. Qxa5 c2 52. Qxb5+ Kf6 53. Kxd2 c1Q+ 54. Kxc1 g5 55. Kd2 Kg6 56. Ke3 Kh5 57. Kf3 Kh4 58. Qc4+ Kh5 59. Qg4+ Kh6 60. Ke4 Kg6 61. Qe6+ Kg7 62. Kf5 Kh7 63. Qg6+ Kh8 64. Qxg5 Kh7 65. Kf6 Kh8 66. Qg7# 1-0